000 00837nam a22001937a 4500
001 10025
003 FISKH
005 20260401101751.0
008 260330b cb ||||| |||| 00| 0 eng d
020 _a9787536574380
040 _aFISKH
_bchi
_cFISKH
_dFISKH
082 _a818
100 _a中文: 北猫
245 _a书名 /
_c中文: 北猫
300 _a139 pages :
_bcolor illustrations ;
_c17 cm .
520 _a《谁是聪明人‑米小圈脑筋急转弯》是一本面向儿童的脑筋急转弯益智书,以经典角色米小圈为主角,通过轻松有趣的故事线索设计多组谜题。书中以类似闯关的方式呈现谜语和挑战,既能带来阅读乐趣,又能激发孩子的逻辑思维和创造力,是一本融合故事与思考的儿童益智读物。
942 _2ddc
_cBOOK
_n0
999 _c10025
_d10025